Poker ; Kolobeh zvona ; Šlabikár

Bibliographic Details
Main Author: Seliga, Andrej (Author)
Format: Article
Language:Slovak
Subjects:

MARC

LEADER 00000nab a2200000 a 4500
001 vtls000805343
003 SK-MaSNL
005 20260304110144.0
008 250429c2002 xo 0 slo
015 |a SNBRB2002/09-27277 
035 |a CLN000156998 
035 |a urn:nbn:sk:snk-abbvm3 
035 |a (urnnbn)urn:nbn:sk:snk:ar-003q7j 
035 |a (uuid)762ec29e-9a0e-4d53-b3a3-1cca82d8b124 
040 |a SNKBUCL  |b slo  |c SNKBUCL  |e AACR2 
041 0 |a slo 
044 |a xo  |c SK 
080 |a 885.4-1  |2 1997 
100 1 |a Seliga, Andrej  |4 aut  |9 692444 
245 1 0 |a Poker ; Kolobeh zvona ; Šlabikár  |c Andrej Seliga 
650 0 7 |a miniatúry básnické slovenské  |2 snkbucl  |9 845923 
655 7 |a slovenská poézia  |2 snkbucl  |9 70444 
655 7 |a články z novín a časopisov  |2 snkbucl  |9 267496 
773 0 |t Dotyky  |g Roč. 14, č. 1 (2002), s. 75-76  |x 1210-2210 
850 |a Slovenská národná knižnica 
852 |a Slovenská národná knižnica 
958 |a article15 
958 |a OND 
958 |a LX 
958 |a SK 
958 |a EUIPO 
992 |a RBX 
999 |c 2858721  |d 2860651